Plásticos modernos / (Registro nro. 8829)
[ vista simple ]
| 000 -CABECERA | |
|---|---|
| Campo de control interno | 01678nam a2200241Ia 4500 |
| 008 - ELEMENTOS DE LONGITUD FIJA - INFORMACIÓN GENERAL | |
| Campo de control de longitud fija | 260220t1952||||xx |||||||||||||| ||spa|| |
| 040 ## - FUENTE DE CATALOGACIÓN | |
| Agencia de catalogación original | PY-SlUNAC |
| Idioma de catalogación | spa |
| Convenciones de descripción | rda |
| 041 ## - CÓDIGO DE IDIOMA | |
| Código de idioma para texto/pista de sonido o título separado | spa |
| 082 ## - NÚMERO DE CLASIFICACIÓN DECIMAL DEWEY | |
| Clasificación Decimal Dewey (CDD) | 668.4 |
| Clasificación Expansiva de Cutter (EC) | B278p |
| 100 ## - ASIENTO PRINCIPAL - NOMBRE PERSONAL | |
| Nombre personal | Barron, Harry |
| Rol del autor | Autor |
| 245 #0 - TÍTULO | |
| Título | Plásticos modernos / |
| Mención de responsabilidad | por Harry Barron [Autor] |
| 264 ## - PIE DE IMPRENTA | |
| Lugar | Barcelona : |
| Editorial | Gustavo Gili, |
| Año | ℗1952. |
| 300 ## - DESCRIPCIÓN FÍSICA | |
| Páginas | 1 volumen |
| 520 ## - NOTA DE RESUMEN | |
| Nota de resumen | En "Plásticos modernos", Harry Barron ofrece un análisis exhaustivo sobre la evolución y las aplicaciones de los plásticos en el contexto del siglo XX. El autor explora las propiedades químicas y físicas de diversos tipos de plásticos, así como su producción y procesamiento, enfatizando la importancia de estos materiales en la industria contemporánea. Barron también aborda las innovaciones tecnológicas que han permitido el desarrollo de plásticos más resistentes y versátiles, y su impacto en sectores como la construcción, la automoción y el diseño de productos cotidianos. A través de ejemplos concretos y estudios de caso, el libro ilustra cómo los plásticos han transformado no solo la manufactura, sino también la vida diaria, introduciendo nuevos desafíos en términos de sostenibilidad y reciclaje. En conjunto, la obra se presenta como un recurso valioso para estudiantes, investigadores y profesionales interesados en la ciencia de los materiales y sus implicaciones en la sociedad moderna. |
| 653 ## - MATERIA - TÉRMINO TEMÁTICO NO CONTROLADO (PALABRAS CLAVE) | |
| Materia - término temático no controlado (palabras clave) | Materiales |
| 653 ## - MATERIA - TÉRMINO TEMÁTICO NO CONTROLADO (PALABRAS CLAVE) | |
| Materia - término temático no controlado (palabras clave) | Plásticos |
| 653 ## - MATERIA - TÉRMINO TEMÁTICO NO CONTROLADO (PALABRAS CLAVE) | |
| Materia - término temático no controlado (palabras clave) | Tecnología |
| 942 ## - ELEMENTOS PERSONALIZADOS (KOHA) | |
| Fecha catalogación | 2026/02/17 |
| Tipo de documento | Libros |
| Fuente de Clasificacion | Colección | Ubicacion permanente | Biblioteca actual | Fecha de Ingreso a la Biblioteca | Origen de adquisición | Código de ubicación | Código de barras | Tipo de Item KOHA | Nota pública |
|---|---|---|---|---|---|---|---|---|---|
| Dewey Decimal Classification | Colección General (CG) | Biblioteca e Internet, Facultad de Ciencias Exactas y Naturales | Biblioteca e Internet, Facultad de Ciencias Exactas y Naturales | 02/20/2026 | Donación | 668.4 B278p | CG2189 | Libros | Material disponible en la Biblioteca e Intenet, Campus UNA, San Lorenzo. |


